<?xml version="1.0" encoding="UTF-8"?>
<record
    xmlns:xsi="http://www.w3.org/2001/XMLSchema-instance"
    xsi:schemaLocation="http://www.loc.gov/MARC21/slim http://www.loc.gov/standards/marcxml/schema/MARC21slim.xsd"
    xmlns="http://www.loc.gov/MARC21/slim">

  <leader>02417nam a2200553Ia 4500</leader>
  <controlfield tag="001">920</controlfield>
  <controlfield tag="008">241029s9999    xx            000 0 und d</controlfield>
  <datafield tag="010" ind1=" " ind2=" ">
    <subfield code="a">840</subfield>
  </datafield>
  <datafield tag="041" ind1=" " ind2=" ">
    <subfield code="a">Espa&#xF1;ol</subfield>
  </datafield>
  <datafield tag="082" ind1=" " ind2=" ">
    <subfield code="a">F.C.E. MA Tecn Educ. 2011 166</subfield>
  </datafield>
  <datafield tag="245" ind1=" " ind2="0">
    <subfield code="a">Eficiencia y eficacia en la administraci&#xF3;n y supervisi&#xF3;n del Liceo Polit&#xE9;cnico Belisario Peguero Guerrero, Modalidad General, a&#xF1;o 2009-2010.</subfield>
  </datafield>
  <datafield tag="260" ind1=" " ind2=" ">
    <subfield code="a">Santo Domingo</subfield>
  </datafield>
  <datafield tag="300" ind1=" " ind2=" ">
    <subfield code="a">59</subfield>
  </datafield>
  <datafield tag="520" ind1=" " ind2=" ">
    <subfield code="a">37</subfield>
  </datafield>
  <datafield tag="630" ind1=" " ind2=" ">
    <subfield code="a">Administraci&#xF3;n Educativa</subfield>
  </datafield>
  <datafield tag="630" ind1=" " ind2=" ">
    <subfield code="a">Administraci&#xF3;n Escolar</subfield>
  </datafield>
  <datafield tag="630" ind1=" " ind2=" ">
    <subfield code="a">Efectividad</subfield>
  </datafield>
  <datafield tag="630" ind1=" " ind2=" ">
    <subfield code="a">Supervisi&#xF3;n</subfield>
  </datafield>
  <datafield tag="650" ind1=" " ind2=" ">
    <subfield code="a">Supervisi&#xF3;n</subfield>
  </datafield>
  <datafield tag="690" ind1=" " ind2=" ">
    <subfield code="a">Elaborado</subfield>
  </datafield>
  <datafield tag="700" ind1=" " ind2=" ">
    <subfield code="e">asesor</subfield>
    <subfield code="a">Jes&#xC3;&#xB9;s, Encarnaci&#xF3;n </subfield>
  </datafield>
  <datafield tag="700" ind1=" " ind2=" ">
    <subfield code="e">autor</subfield>
    <subfield code="a">Lantigua Mella, Yessenia Alexandra </subfield>
  </datafield>
  <datafield tag="901" ind1=" " ind2=" ">
    <subfield code="a">{"1":"Lantigua Mella"}</subfield>
    <subfield code="b">{"1":"Yessenia Alexandra "}</subfield>
  </datafield>
  <datafield tag="902" ind1=" " ind2=" ">
    <subfield code="a">1</subfield>
  </datafield>
  <datafield tag="903" ind1=" " ind2=" ">
    <subfield code="a">{"1":"Jes&#xC3;&#xB9;s"}</subfield>
    <subfield code="b">{"1":"Encarnaci&#xF3;n "}</subfield>
  </datafield>
  <datafield tag="904" ind1=" " ind2=" ">
    <subfield code="a">Maestr&#xED;a en</subfield>
  </datafield>
  <datafield tag="905" ind1=" " ind2=" ">
    <subfield code="a">Tecnolog&#xED;a Educativa</subfield>
  </datafield>
  <datafield tag="906" ind1=" " ind2=" ">
    <subfield code="a">2</subfield>
  </datafield>
  <datafield tag="907" ind1=" " ind2=" ">
    <subfield code="a">NO APLICA</subfield>
  </datafield>
  <datafield tag="908" ind1=" " ind2=" ">
    <subfield code="a">NO APLICA</subfield>
  </datafield>
  <datafield tag="909" ind1=" " ind2=" ">
    <subfield code="a">Universidad Aut&#xF3;noma de Santo Domingo (UASD)</subfield>
  </datafield>
  <datafield tag="910" ind1=" " ind2=" ">
    <subfield code="a">NULL</subfield>
    <subfield code="b">NULL</subfield>
  </datafield>
  <datafield tag="911" ind1=" " ind2=" ">
    <subfield code="a">["1"]</subfield>
  </datafield>
  <datafield tag="912" ind1=" " ind2=" ">
    <subfield code="a">NO APLICA</subfield>
  </datafield>
  <datafield tag="913" ind1=" " ind2=" ">
    <subfield code="a">NULL</subfield>
  </datafield>
  <datafield tag="914" ind1=" " ind2=" ">
    <subfield code="a">01 de Agosto de 2011</subfield>
  </datafield>
  <datafield tag="915" ind1=" " ind2=" ">
    <subfield code="a">06/12/19 08:12</subfield>
  </datafield>
  <datafield tag="916" ind1=" " ind2=" ">
    <subfield code="a">NULL</subfield>
  </datafield>
  <datafield tag="917" ind1=" " ind2=" ">
    <subfield code="a">NULL</subfield>
  </datafield>
  <datafield tag="918" ind1=" " ind2=" ">
    <subfield code="a">NO APLICA</subfield>
  </datafield>
  <datafield tag="919" ind1=" " ind2=" ">
    <subfield code="a">["10","11","219","187"]</subfield>
  </datafield>
  <datafield tag="520" ind1=" " ind2=" ">
    <subfield code="a">El objetivo principal de esta investigaci&#xF3;n es determinar el nivel de eficiencia y eficacia en la administraci&#xF3;n del Liceo Polit&#xE9;cnico Belisario Peguero Guerrero, Modalidad General, a&#xF1;o 2009-2010. Esta investigaci&#xF3;n fue enmarcada dentro de un dise&#xF1;o descriptivo donde se presentan y se describen las principales variables. La poblaci&#xF3;n objeto de estudio estuvo constituida por seiscientos cincuenta y dos (652) estudiantes pertenecientes la Modalidad General del Nivel Medio. De los cuales se escogi&#xF3; una muestra de doscientos cuarenta y dos (242) estudiantes.Los resultados arrojaron que el Liceo posee una estructura organizacional, que le permite responder la demanda de la poblaci&#xF3;n estudiantil que acude al Centro con el deseo de obtener el grado de bachiller.&#xA0;El estudio recomienda que se reelabore la ficha de supervisi&#xF3;n que existe en el Centro. Adecu&#xE1;ndolas al &#xE1;rea de inter&#xE9;s de los actores del Centro.</subfield>
  </datafield>
  <datafield tag="921" ind1=" " ind2=" ">
    <subfield code="a">2</subfield>
  </datafield>
  <datafield tag="922" ind1=" " ind2=" ">
    <subfield code="a">2</subfield>
  </datafield>
  <datafield tag="923" ind1=" " ind2=" ">
    <subfield code="a">0</subfield>
  </datafield>
  <datafield tag="924" ind1=" " ind2=" ">
    <subfield code="a">NO APLICA</subfield>
  </datafield>
  <datafield tag="942" ind1=" " ind2=" ">
    <subfield code="c">Tesis</subfield>
  </datafield>
  <datafield tag="999" ind1=" " ind2=" ">
    <subfield code="c">840</subfield>
    <subfield code="d">840</subfield>
  </datafield>
</record>
